English Words of Dutch Origin - Statistics

General Stats
  • This quiz has been taken 363 times
  • The average score is 4 of 8
Answer Stats
Definition Word % Correct
Large floating mass of ice Iceberg
87%
Salad consisting primarily of finely-shredded raw cabbage with a salad dressing Coleslaw
60%
Wide street in a town or city, typically one lined with trees Boulevard
55%
Medium-sized sailing boat equipped for cruising or racing Yacht
53%
Success or failure apparently brought by chance Luck
38%
Person who habitually seeks to harm or intimidate those whom they perceive as vulnerable Bully
37%
Parrot with an erectile crest Cockatoo
27%
Asian plant of the dock family, producing starchy seeds that are used for fodder Buckwheat
3%
No matching quizzes found
Score Distribution
Percent of People with Each Score
Percentile by Number Answered
Your Score History
You have not taken this quiz